[Event "Winnipeg Gr-D GP final"]
[Site "Winnipeg CAN"]
[Date "2004.11.16"]
[Round "3"]
[White "Kohalmi, Andy"]
[Black "Reimer, Bruce"]
[Result "1-0"]
[WhiteElo "1622"]
[BlackElo "1382"]
[PlyCount "63"]
[GameId "2160767911031928"]
[EventDate "2004.12.??"]
[EventType "tourn"]
[EventRounds "6"]
[EventCountry "CAN"]
[SourceTitle "EXT 2006"]
[Source "ChessBase"]
[SourceDate "2005.11.24"]
[SourceVersion "1"]
[SourceVersionDate "2005.11.24"]
[SourceQuality "1"]

1. d4 Nf6 2. Nf3 e6 3. g3 b6 4. Bg2 Bb7 5. O-O Be7 6. c4 O-O 7. Nc3 c5 8. e3 cxd4 9. exd4 d5 10. Ne5 Nbd7 11. f4 Rb8 12. cxd5 Nxd5 13. Nxd5 exd5 14. Qa4 Nxe5 15. fxe5 Ra8 16. Qb3 Rc8 17. Bd2 Rc4 18. Bc3 Qd7 19. Rae1 b5 20. a3 Bd8 21. Qc2 Bb6 22. Qd2 Rfc8 23. Rf4 Qc7 24. Bh3 Re8 25. Kh1 Bc8 26. Bf1 Rxc3 27. bxc3 Ba5 28. Rc1 a6 29. Bd3 Qe7 30. Rh4 f5 31. exf6 Qxf6 32. Bxh7+ 1-0

[Event "Winnipeg Gr-D GP final"]
[Site "Winnipeg CAN"]
[Date "2004.11.16"]
[Round "3"]
[White "Liebzeit, Mick"]
[Black "Anderson, George"]
[Result "1-0"]
[WhiteElo "1565"]
[BlackElo "1411"]
[PlyCount "71"]
[GameId "2160767911031929"]
[EventDate "2004.12.??"]
[EventType "tourn"]
[EventRounds "6"]
[EventCountry "CAN"]
[SourceTitle "EXT 2006"]
[Source "ChessBase"]
[SourceDate "2005.11.24"]
[SourceVersion "1"]
[SourceVersionDate "2005.11.24"]
[SourceQuality "1"]

1. e4 e6 2. d4 d5 3. exd5 exd5 4. c4 dxc4 5. Bxc4 Qe7+ 6. Ne2 Qb4+ 7. Nd2 Bd6 8. O-O Nf6 9. Ng3 O-O 10. Qc2 Be6 11. Bxe6 fxe6 12. Nf3 Nc6 13. Bd2 Nxd4 14. Nxd4 Qxd4 15. Bc3 Qg4 16. Qb3 b6 17. Rae1 Nd5 18. Re4 Qg6 19. Rfe1 Nxc3 20. bxc3 Bxg3 21. hxg3 Qf7 22. f3 c5 23. Rf4 Qd7 24. Rxe6 Kh8 25. Rh4 Rad8 26. Kh2 Qd5 27. Qc2 Qd3 28. Qc1 Qd2 29. Qb1 Qd3 30. Qe1 Qc2 31. Re2 Rd1 32. Re8 Rd8 33. Rxd8 Rxd8 34. Qe7 Rg8 35. Qf7 Qxc3 36. Rxh7+ 1-0

[Event "Winnipeg Gr-D GP final"]
[Site "Winnipeg CAN"]
[Date "2004.11.23"]
[Round "4"]
[White "Liebzeit, Mick"]
[Black "Kohalmi, Andy"]
[Result "1-0"]
[WhiteElo "1565"]
[BlackElo "1622"]
[PlyCount "47"]
[GameId "2160767911031930"]
[EventDate "2004.12.??"]
[EventType "tourn"]
[EventRounds "6"]
[EventCountry "CAN"]
[SourceTitle "EXT 2006"]
[Source "ChessBase"]
[SourceDate "2005.11.24"]
[SourceVersion "1"]
[SourceVersionDate "2005.11.24"]
[SourceQuality "1"]

1. e4 d5 2. exd5 Qxd5 3. d4 Nf6 4. c3 Bg4 5. f3 Bf5 6. Bd3 Bxd3 7. Qxd3 Nc6 8. Ne2 e5 9. Be3 O-O-O 10. O-O exd4 11. cxd4 Bd6 12. Nbc3 Qh5 13. Ng3 Bxg3 14. hxg3 Nb4 15. Qc4 Nc2 16. Bf4 Qa5 17. Nb5 c6 18. Rac1 Rd5 19. Nd6+ Kd7 20. Rxc2 Qb6 21. Nxf7 Rxd4 22. Ne5+ Kc8 23. Qe6+ Kd8 24. Nf7# 1-0

[Event "Winnipeg Gr-D GP final"]
[Site "Winnipeg CAN"]
[Date "2004.11.23"]
[Round "4"]
[White "Reimer, Bruce"]
[Black "Anderson, George"]
[Result "1/2-1/2"]
[WhiteElo "1382"]
[BlackElo "1411"]
[PlyCount "98"]
[GameId "2160767911031931"]
[EventDate "2004.12.??"]
[EventType "tourn"]
[EventRounds "6"]
[EventCountry "CAN"]
[SourceTitle "EXT 2006"]
[Source "ChessBase"]
[SourceDate "2005.11.24"]
[SourceVersion "1"]
[SourceVersionDate "2005.11.24"]
[SourceQuality "1"]

1. c4 e5 2. g3 Bc5 3. Bg2 Nf6 4. Nc3 Ng4 5. e3 d6 6. Nge2 O-O 7. O-O c6 8. d4 exd4 9. exd4 Bb6 10. Bf4 f5 11. Qb3 Be6 12. a4 g5 13. a5 gxf4 14. Nxf4 Qf6 15. axb6 a6 16. d5 Bf7 17. dxc6 bxc6 18. b7 Nd7 19. bxa8=Q Rxa8 20. Bxc6 Rb8 21. Qa2 Nc5 22. Ncd5 Qh6 23. h3 Ne5 24. Ne7+ Kh8 25. Nxf5 Qf6 26. Nd4 Bxc4 27. Qb1 Bxf1 28. Qxf1 Ng6 29. Nxg6+ hxg6 30. Qd1 Rxb2 31. Ne2 Rxe2 32. Qxe2 Qxa1+ 33. Kg2 Qe5 34. Qc4 a5 35. Qh4+ Kg7 36. Qd8 a4 37. Bxa4 Nxa4 38. Qd7+ Kh6 39. Qxa4 d5 40. Kf3 d4 41. Qa8 d3 42. Qf8+ Kh7 43. Qf7+ Kh6 44. Qf4+ Qxf4+ 45. gxf4 Kh5 46. Ke3 Kh4 47. Kxd3 Kxh3 48. f3 Kg3 49. Ke3 Kg2 1/2-1/2

[Event "Winnipeg Gr-D GP final"]
[Site "Winnipeg CAN"]
[Date "2004.11.30"]
[Round "5"]
[White "Kohalmi, Andy"]
[Black "Anderson, George"]
[Result "1-0"]
[WhiteElo "1622"]
[BlackElo "1411"]
[PlyCount "123"]
[GameId "2160767911031932"]
[EventDate "2004.12.??"]
[EventType "tourn"]
[EventRounds "6"]
[EventCountry "CAN"]
[SourceTitle "EXT 2006"]
[Source "ChessBase"]
[SourceDate "2005.11.24"]
[SourceVersion "1"]
[SourceVersionDate "2005.11.24"]
[SourceQuality "1"]

1. d4 e6 2. Nf3 c5 3. e3 cxd4 4. exd4 d5 5. Bd3 Nc6 6. O-O Bd7 7. a3 Qb6 8. c3 Bd6 9. Re1 Nf6 10. Nbd2 Qc7 11. Qe2 O-O-O 12. c4 dxc4 13. Nxc4 h6 14. Nxd6+ Qxd6 15. Be3 g5 16. Rec1 Kb8 17. Bb5 g4 18. Bxc6 Bxc6 19. Ne5 Qd5 20. Nxc6+ bxc6 21. Bf4+ Ka8 22. Be5 Ne4 23. Bxh8 Rxh8 24. Qa6 Qb5 25. Qxc6+ Qxc6 26. Rxc6 Kb7 27. Rac1 Rd8 28. R6c4 f5 29. f3 gxf3 30. gxf3 Rg8+ 31. Kf1 Nd2+ 32. Kf2 Nxc4 33. Rxc4 Kb6 34. b4 a5 35. bxa5+ Kxa5 36. Rc6 Re8 37. Kg3 Ka4 38. Ra6+ Kb5 39. Ra7 Kc4 40. Rd7 Ra8 41. Rd6 Rxa3 42. Rxe6 h5 43. Re5 Kxd4 44. Rxf5 h4+ 45. Kxh4 Ke3 46. Kg3 Ra8 47. h4 Rg8+ 48. Rg5 Rf8 49. Re5+ Kd4 50. f4 Rg8+ 51. Kf3 Rg1 52. Re2 Rh1 53. Kg3 Rg1+ 54. Rg2 Rh1 55. Kg4 Ke4 56. Kg5 Rf1 57. Rg4 Ra1 58. h5 Ra8 59. h6 Rg8+ 60. Kh5 Rf8 61. h7 Kf5 62. Rg8 1-0

[Event "Winnipeg Gr-D GP final"]
[Site "Winnipeg CAN"]
[Date "2004.11.30"]
[Round "5"]
[White "Liebzeit, Mick"]
[Black "Reimer, Bruce"]
[Result "1-0"]
[WhiteElo "1565"]
[BlackElo "1382"]
[PlyCount "77"]
[GameId "2160767911031933"]
[EventDate "2004.12.??"]
[EventType "tourn"]
[EventRounds "6"]
[EventCountry "CAN"]
[SourceTitle "EXT 2006"]
[Source "ChessBase"]
[SourceDate "2005.11.24"]
[SourceVersion "1"]
[SourceVersionDate "2005.11.24"]
[SourceQuality "1"]

1. e4 d6 2. f4 e5 3. Nf3 Bg4 4. Bc4 Qd7 5. O-O exf4 6. d4 Nc6 7. Bxf4 O-O-O 8. Bb5 a6 9. Ba4 b5 10. Bb3 Nf6 11. d5 Ne7 12. Qd4 c5 13. dxc6 Nxc6 14. Qd3 Be6 15. a4 Bxb3 16. cxb3 b4 17. Qxa6+ Qb7 18. Qc4 h6 19. Nd4 Qb6 20. Qxc6+ Qxc6 21. Nxc6 Rd7 22. Nd2 d5 23. Rac1 Kb7 24. e5 Ne4 25. Nxe4 dxe4 26. Rfd1 Rxd1+ 27. Rxd1 Kxc6 28. Kf1 Be7 29. Ke2 g5 30. Bg3 Rd8 31. Rc1+ Bc5 32. Bf2 Rd5 33. Rxc5+ Rxc5 34. Bxc5 Kxc5 35. Ke3 Kd5 36. a5 Kc6 37. Kxe4 Kb5 38. Kf5 Kxa5 39. Kf6 1-0

[Event "Winnipeg Gr-D GP final"]
[Site "Winnipeg CAN"]
[Date "2004.12.07"]
[Round "6"]
[White "Anderson, George"]
[Black "Liebzeit, Mick"]
[Result "0-1"]
[WhiteElo "1411"]
[BlackElo "1565"]
[PlyCount "76"]
[GameId "2160767911031934"]
[EventDate "2004.12.??"]
[EventType "tourn"]
[EventRounds "6"]
[EventCountry "CAN"]
[SourceTitle "EXT 2006"]
[Source "ChessBase"]
[SourceDate "2005.11.24"]
[SourceVersion "1"]
[SourceVersionDate "2005.11.24"]
[SourceQuality "1"]

1. b4 e5 2. Bb2 f6 3. b5 d5 4. d4 e4 5. e3 Bd6 6. c4 c6 7. a4 Ne7 8. f3 f5 9. f4 O-O 10. Nh3 Qe8 11. Be2 Nd7 12. Bh5 g6 13. Be2 Nf6 14. O-O Be6 15. c5 Bc7 16. Qe1 h6 17. Qh4 Kg7 18. Nd2 Qf7 19. Rf2 Ng4 20. Bxg4 fxg4 21. f5 Bxf5 22. Nf4 Bxf4 23. exf4 Rae8 24. Re2 Ng8 25. b6 a6 26. Nf1 Bc8 27. Bc1 h5 28. Be3 Nh6 29. Ng3 Bf5 30. Qg5 Re6 31. Nxh5+ Kh7 32. Ng3 Rh8 33. h3 gxh3 34. gxh3 Qg7 35. Nxf5 Nxf5 36. Kf2 Nxd4 37. Rd2 Nf3 38. Qg3 Qxa1 0-1

[Event "Winnipeg Gr-D GP final"]
[Site "Winnipeg CAN"]
[Date "2004.12.07"]
[Round "6"]
[White "Reimer, Bruce"]
[Black "Kohalmi, Andy"]
[Result "0-1"]
[WhiteElo "1382"]
[BlackElo "1622"]
[PlyCount "86"]
[GameId "2160767911031935"]
[EventDate "2004.12.??"]
[EventType "tourn"]
[EventRounds "6"]
[EventCountry "CAN"]
[SourceTitle "EXT 2006"]
[Source "ChessBase"]
[SourceDate "2005.11.24"]
[SourceVersion "1"]
[SourceVersionDate "2005.11.24"]
[SourceQuality "1"]

1. c4 Nf6 2. g3 g6 3. Bg2 Bg7 4. Nc3 d6 5. d4 Nbd7 6. e4 O-O 7. Nge2 e5 8. O-O c6 9. f4 exd4 10. Nxd4 Re8 11. f5 Ne5 12. fxg6 hxg6 13. b3 a6 14. Bg5 Bg4 15. Qd2 Ned7 16. Rf2 Qb6 17. Be3 Nc5 18. Raf1 Qd8 19. Bg5 Ncd7 20. h3 Be6 21. Nxe6 Rxe6 22. e5 dxe5 23. Ne4 Qb6 24. Nxf6+ Nxf6 25. Qe2 Nh5 26. Kh2 f5 27. Bf3 Nf6 28. Be3 Qc7 29. Bg2 Rae8 30. Bc5 Nd7 31. Ba3 e4 32. Rf4 Be5 33. Rxf5 Bxg3+ 34. Kg1 gxf5 35. Rxf5 Rg6 36. Qh5 Ree6 37. Bb2 Ne5 38. Bxe4 Qb6+ 39. Kh1 Qe3 40. Bxe5 Qxe4+ 41. Kg1 Bxe5+ 42. Rg5 Rxg5+ 43. Qxg5+ Rg6 0-1

[Event "Winnipeg TNT Aug op"]
[Site "Winnipeg CAN"]
[Date "2004.04.06"]
[Round "1"]
[White "Anderson, George"]
[Black "Cleto, Sam"]
[Result "0-1"]
[WhiteElo "1510"]
[BlackElo "1883"]
[PlyCount "74"]
[GameId "2160767911094723"]
[EventDate "2004.08.03"]
[EventType "swiss"]
[EventRounds "4"]
[EventCountry "CAN"]
[SourceTitle "EXT 2006"]
[Source "ChessBase"]
[SourceDate "2005.11.24"]
[SourceVersion "1"]
[SourceVersionDate "2005.11.24"]
[SourceQuality "1"]

1. e4 c5 2. b4 e5 3. Bb2 Nc6 4. Nf3 Qc7 5. b5 Nd4 6. Nc3 Nf6 7. Bc4 Be7 8. Nd5 Nxd5 9. Bxd4 cxd4 10. Bxd5 O-O 11. O-O d6 12. h3 Bd7 13. a4 Rac8 14. d3 a6 15. bxa6 bxa6 16. Bc4 Qa5 17. Nd2 Kh8 18. Nb3 Qd8 19. Bxa6 Ra8 20. Bb5 Be6 21. Bc6 Ra7 22. Bd5 Bd7 23. a5 f5 24. f4 fxe4 25. fxe5 dxe5 26. Bxe4 Rxf1+ 27. Kxf1 Be8 28. a6 Bg5 29. Bb7 Be3 30. Nc5 Bb5 31. Qf3 Qe7 32. Ne6 Qxe6 33. Qf8+ Qg8 34. Qc5 Qf7+ 35. Bf3 Rxa6 36. Rxa6 Bxa6 37. Qxe5 Qf8 0-1

[Event "Winnipeg TNT Aug op"]
[Site "Winnipeg CAN"]
[Date "2004.04.06"]
[Round "1"]
[White "Czarny, Keith"]
[Black "Taylor, Evan"]
[Result "1-0"]
[WhiteElo "1657"]
[BlackElo "1359"]
[PlyCount "51"]
[GameId "2160767911094724"]
[EventDate "2004.08.03"]
[EventType "swiss"]
[EventRounds "4"]
[EventCountry "CAN"]
[SourceTitle "EXT 2006"]
[Source "ChessBase"]
[SourceDate "2005.11.24"]
[SourceVersion "1"]
[SourceVersionDate "2005.11.24"]
[SourceQuality "1"]

1. Nf3 Nf6 2. g3 c5 3. Bg2 d5 4. O-O Nc6 5. d3 e5 6. c4 d4 7. Nbd2 Be7 8. h3 Bf5 9. Nh4 Bg6 10. Kh2 Nd7 11. Ndf3 Nb6 12. b3 f5 13. Nxg6 hxg6 14. e3 O-O 15. exd4 cxd4 16. h4 a5 17. Ng5 Qd7 18. a3 Rad8 19. b4 axb4 20. axb4 Bxb4 21. Rb1 Ra8 22. Bxc6 Qxc6 23. Rxb4 Na4 24. Qb3 Nc5 25. Qb1 Qd6 26. Rb6 1-0

[Event "Winnipeg TNT Aug op"]
[Site "Winnipeg CAN"]
[Date "2004.04.06"]
[Round "1"]
[White "Gibbons, Lorne"]
[Black "Estabrooks, Mike"]
[Result "0-1"]
[WhiteElo "1368"]
[BlackElo "1700"]
[PlyCount "79"]
[GameId "2160767911094725"]
[EventDate "2004.08.03"]
[EventType "swiss"]
[EventRounds "4"]
[EventCountry "CAN"]
[SourceTitle "EXT 2006"]
[Source "ChessBase"]
[SourceDate "2005.11.24"]
[SourceVersion "1"]
[SourceVersionDate "2005.11.24"]
[SourceQuality "1"]

1. d4 d5 2. c4 e5 3. dxe5 d4 4. Nf3 Nc6 5. Bf4 Nge7 6. e3 Bg4 7. Be2 Ng6 8. Bg3 dxe3 9. Qxd8+ Rxd8 10. h3 exf2+ 11. Kxf2 Bc5+ 12. Ke1 Bxf3 13. Bxf3 Ncxe5 14. Bxb7 Nd3+ 15. Ke2 Nxb2 16. Bxc7 Rd4 17. Bc6+ Kf8 18. Bb5 Nxc4 19. Bxc4 Rxc4 20. Rd1 f6 21. Nd2 Rf4 22. Bxf4 Nxf4+ 23. Kf3 Ne6 24. Nb3 Bb6 25. a4 Kf7 26. a5 Bc7 27. Rac1 Ng5+ 28. Kf2 Be5 29. Rd7+ Kg6 30. Rc4 Rb8 31. Nd2 Rb2 32. Ke3 Ne6 33. Rg4+ Kf5 34. Rc4 h5 35. a6 Ra2 36. Rc6 Bf4+ 37. Ke2 Bxd2 38. Rd5+ Ke4 39. Rxh5 Nd4+ 40. Kd1 0-1

[Event "Winnipeg TNT Aug op"]
[Site "Winnipeg CAN"]
[Date "2004.04.06"]
[Round "1"]
[White "Lafreniere, Adrian"]
[Black "Trueman, Francis"]
[Result "1/2-1/2"]
[WhiteElo "1815"]
[BlackElo "1495"]
[PlyCount "76"]
[GameId "2160767911094726"]
[EventDate "2004.08.03"]
[EventType "swiss"]
[EventRounds "4"]
[EventCountry "CAN"]
[SourceTitle "EXT 2006"]
[Source "ChessBase"]
[SourceDate "2005.11.24"]
[SourceVersion "1"]
[SourceVersionDate "2005.11.24"]
[SourceQuality "1"]

1. e4 e5 2. b3 Nf6 3. Bb2 Bc5 4. d3 d6 5. h3 Nc6 6. Nf3 O-O 7. Nc3 Re8 8. Be2 a6 9. Qd2 Nd4 10. Nxd4 Bxd4 11. f4 exf4 12. Qxf4 c6 13. Rf1 Qa5 14. Qd2 Re7 15. Na4 Qxd2+ 16. Kxd2 Ba7 17. Rf4 b5 18. Nc3 Bd4 19. Nd1 Bxb2 20. Nxb2 d5 21. exd5 Nxd5 22. Rd4 Bb7 23. Bf3 Rd8 24. c4 c5 25. Rg4 Nf6 26. Rf4 Bxf3 27. Rxf3 Red7 28. Re1 Rf8 29. g4 Rfd8 30. Rfe3 Rd4 31. Re5 Nd7 32. R5e4 Kf8 33. Ke3 Rxe4+ 34. dxe4 Ne5 35. cxb5 axb5 36. Rc1 c4 37. bxc4 bxc4 38. Rc3 Rc8 1/2-1/2

[Event "Winnipeg TNT Aug op"]
[Site "Winnipeg CAN"]
[Date "2004.04.06"]
[Round "1"]
[White "Lauritson, Jim"]
[Black "Degroot, Stephen"]
[Result "1-0"]
[WhiteElo "1893"]
[BlackElo "1552"]
[PlyCount "79"]
[GameId "2160767911094727"]
[EventDate "2004.08.03"]
[EventType "swiss"]
[EventRounds "4"]
[EventCountry "CAN"]
[SourceTitle "EXT 2006"]
[Source "ChessBase"]
[SourceDate "2005.11.24"]
[SourceVersion "1"]
[SourceVersionDate "2005.11.24"]
[SourceQuality "1"]

1. e4 c5 2. Nf3 d6 3. d4 cxd4 4. Nxd4 Nf6 5. Nc3 g6 6. g3 Bg7 7. Bg2 O-O 8. O-O Nc6 9. Nde2 a6 10. h3 a5 11. Be3 Ne5 12. b3 b6 13. f4 Ned7 14. Rc1 Bb7 15. Nd5 Nxd5 16. exd5 e6 17. c4 Re8 18. Bd4 Qc7 19. Bxg7 Kxg7 20. Qd4+ f6 21. Nc3 Qc5 22. Nb5 Qxd4+ 23. Nxd4 Nc5 24. dxe6 Bxg2 25. Kxg2 Nxe6 26. Nb5 Rad8 27. Rcd1 Re7 28. Rfe1 Kf7 29. Rxd6 Rxd6 30. Nxd6+ Kf8 31. Kf2 Nc5 32. Rxe7 Kxe7 33. Nc8+ Ke6 34. Nxb6 Nd3+ 35. Ke3 Nc5 36. g4 h5 37. f5+ gxf5 38. gxh5 Ke5 39. h6 f4+ 40. Ke2 1-0

[Event "Winnipeg TNT Aug op"]
[Site "Winnipeg CAN"]
[Date "2004.04.06"]
[Round "1"]
[White "MacPherson, Al"]
[Black "Nair, Krishnan"]
[Result "1-0"]
[WhiteElo "1638"]
[BlackElo "1221"]
[PlyCount "139"]
[GameId "2160767911094728"]
[EventDate "2004.08.03"]
[EventType "swiss"]
[EventRounds "4"]
[EventCountry "CAN"]
[SourceTitle "EXT 2006"]
[Source "ChessBase"]
[SourceDate "2005.11.24"]
[SourceVersion "1"]
[SourceVersionDate "2005.11.24"]
[SourceQuality "1"]

1. d4 d5 2. c4 e6 3. Nc3 b6 4. cxd5 exd5 5. Bf4 Bb7 6. e3 Bd6 7. Bg3 Bxg3 8. hxg3 Qg5 9. Nf3 Qf6 10. Rc1 c6 11. Qc2 Ne7 12. Rxh7 Rg8 13. b4 Nd7 14. b5 O-O-O 15. bxc6 Bxc6 16. Nxd5 Nxd5 17. Qxc6+ Qxc6 18. Rxc6+ Kb7 19. Rc1 Rh8 20. Rxh8 Rxh8 21. Bc4 Nb4 22. Kd2 f5 23. Rb1 a5 24. a3 Nc6 25. Be6 Nf6 26. Bxf5 Rh5 27. Bd3 Ng4 28. Ke2 Ne7 29. Rb5 Nd5 30. Be4 Ngf6 31. Bxd5+ Nxd5 32. Rb3 a4 33. Rd3 Rh1 34. e4 Ne7 35. Rd1 Rh5 36. d5 b5 37. Rb1 Kb6 38. Nd4 Kc5 39. Ne6+ Kc4 40. Nxg7 Re5 41. Kf3 Ng6 42. Rb4+ Kc5 43. Ne6+ Kb6 44. Nd4 Kc5 45. Nxb5 Re8 46. Ke2 Rb8 47. Nc7 Rxb4 48. Na6+ Kc4 49. Nxb4 Kb3 50. d6 Ne5 51. f4 Nd7 52. Kd1 Kxa3 53. Nc2+ Kb2 54. g4 a3 55. Nxa3 Kxa3 56. Kd2 Kb4 57. Kd3 Kc5 58. e5 Kd5 59. Ke3 Ke6 60. Kd4 Kf7 61. Kd5 Nb6+ 62. Kc6 Nc8 63. Kc7 Na7 64. d7 Nb5+ 65. Kb6 Nd4 66. d8=Q Ne2 67. Qf6+ Ke8 68. e6 Ng3 69. Qf7+ Kd8 70. Qd7# 1-0

[Event "Winnipeg TNT Aug op"]
[Site "Winnipeg CAN"]
[Date "2004.04.06"]
[Round "1"]
[White "Milord, Frank"]
[Black "Czypinski, Jaroslaw"]
[Result "0-1"]
[WhiteElo "1555"]
[BlackElo "1903"]
[PlyCount "46"]
[GameId "2160767911094729"]
[EventDate "2004.08.03"]
[EventType "swiss"]
[EventRounds "4"]
[EventCountry "CAN"]
[SourceTitle "EXT 2006"]
[Source "ChessBase"]
[SourceDate "2005.11.24"]
[SourceVersion "1"]
[SourceVersionDate "2005.11.24"]
[SourceQuality "1"]

1. d4 Nf6 2. Nf3 d5 3. c4 e6 4. g3 Bb4+ 5. Bd2 Bxd2+ 6. Qxd2 dxc4 7. Na3 c3 8. bxc3 O-O 9. Bg2 c5 10. O-O Nc6 11. Nc4 cxd4 12. cxd4 Qe7 13. Nfe5 Bd7 14. Rfd1 Rac8 15. a3 Rfd8 16. Qb2 Be8 17. e3 Rc7 18. Rd2 Rdc8 19. Nxc6 Bxc6 20. Ne5 Bxg2 21. Kxg2 Qd6 22. f3 Nd5 23. e4 Rc2 0-1

[Event "Winnipeg TNT Aug op"]
[Site "Winnipeg CAN"]
[Date "2004.04.06"]
[Round "1"]
[White "Moffat, Ron"]
[Black "Reimer, Bruce"]
[Result "1-0"]
[WhiteElo "1726"]
[BlackElo "1375"]
[PlyCount "51"]
[GameId "2160767911094730"]
[EventDate "2004.08.03"]
[EventType "swiss"]
[EventRounds "4"]
[EventCountry "CAN"]
[SourceTitle "EXT 2006"]
[Source "ChessBase"]
[SourceDate "2005.11.24"]
[SourceVersion "1"]
[SourceVersionDate "2005.11.24"]
[SourceQuality "1"]

1. d4 d5 2. c4 e6 3. g3 Nf6 4. Bg2 dxc4 5. Nf3 Nbd7 6. O-O Be7 7. Nbd2 b5 8. a4 Ba6 9. axb5 Bxb5 10. Ne5 Nd5 11. Ndxc4 Nxe5 12. Nxe5 c6 13. Re1 O-O 14. e4 Nf6 15. Qc2 Qxd4 16. Nxc6 Bxc6 17. Qxc6 Rfc8 18. Qa6 Rc2 19. Be3 Qxb2 20. e5 Nd5 21. Bxd5 exd5 22. e6 Qf6 23. exf7+ Kxf7 24. Qd3 Qc6 25. Qxh7 Bc5 26. Qxc2 1-0

[Event "Winnipeg TNT Aug op"]
[Site "Winnipeg CAN"]
[Date "2004.04.06"]
[Round "1"]
[White "Taylor, Jasper"]
[Black "Silva, T Romero"]
[Result "1-0"]
[WhiteElo "1417"]
[BlackElo "1806"]
[PlyCount "123"]
[GameId "2160767911094731"]
[EventDate "2004.08.03"]
[EventType "swiss"]
[EventRounds "4"]
[EventCountry "CAN"]
[SourceTitle "EXT 2006"]
[Source "ChessBase"]
[SourceDate "2005.11.24"]
[SourceVersion "1"]
[SourceVersionDate "2005.11.24"]
[SourceQuality "1"]

1. Nf3 Nf6 2. d4 d5 3. Bf4 Nbd7 4. e3 c6 5. c4 e6 6. Nc3 Be7 7. cxd5 exd5 8. Bd3 Rf8 9. O-O Rh8 10. Qc2 g6 11. a3 Kf8 12. b4 a6 13. Na4 Kg7 14. Nc5 Nxc5 15. bxc5 Re8 16. a4 a5 17. Qb3 Nh5 18. Bg3 Nxg3 19. hxg3 Qc7 20. Rab1 f6 21. Rb2 Bd8 22. Rfb1 Re7 23. Qc2 Qd7 24. Nh4 Qg4 25. Be2 Qg5 26. Nf3 Qh6 27. Nh2 Rb8 28. Bg4 f5 29. Be2 Qg5 30. Nf3 Qf6 31. Rb3 Bc7 32. R1b2 Bd8 33. Qb1 Kh6 34. Ba6 f4 35. exf4 Bf5 36. Bd3 Bc8 37. Ba6 Bf5 38. Qd1 Bg4 39. Bxb7 Bxf3 40. gxf3 Bc7 41. Qf1 Rf8 42. Qh3+ Kg7 43. Ba6 Bxf4 44. gxf4 Re1+ 45. Kg2 h5 46. Qg3 Qxf4 47. Qxf4 Rxf4 48. Rd2 Kh6 49. Bb7 Rh4 50. f4 Rg4+ 51. Rg3 Rxf4 52. Bxc6 h4 53. Re3 Ra1 54. Bxd5 g5 55. Re6+ Kh5 56. Bf3+ g4 57. Re5+ Kh6 58. Re6+ Kg7 59. Bxg4 Rxg4+ 60. Kh3 Rf4 61. d5 Raxa4 62. d6 1-0

[Event "Winnipeg TNT Aug op"]
[Site "Winnipeg CAN"]
[Date "2004.04.06"]
[Round "1"]
[White "Wood, Nathaniel"]
[Black "Pottinger, Carl"]
[Result "0-1"]
[WhiteElo "1333"]
[BlackElo "1653"]
[PlyCount "63"]
[GameId "2160767911094732"]
[EventDate "2004.08.03"]
[EventType "swiss"]
[EventRounds "4"]
[EventCountry "CAN"]
[SourceTitle "EXT 2006"]
[Source "ChessBase"]
[SourceDate "2005.11.24"]
[SourceVersion "1"]
[SourceVersionDate "2005.11.24"]
[SourceQuality "1"]

1. c4 f5 2. g3 Nf6 3. Bg2 e6 4. e3 Be7 5. Ne2 c6 6. Nbc3 O-O 7. O-O d5 8. b3 Ne4 9. Bb2 Bf6 10. d3 Nxc3 11. Bxc3 Nd7 12. cxd5 exd5 13. e4 fxe4 14. dxe4 dxe4 15. Bxe4 Bxc3 16. Nxc3 Nf6 17. Bd3 Bh3 18. Re1 Ng4 19. Ne4 Qb6 20. Qe2 Rae8 21. Qc2 Rxe4 22. Bxe4 Nxf2 23. Bf5 Nd3+ 24. Kh1 Bxf5 25. Qc4+ Kh8 26. Re7 Nf2+ 27. Kg2 Bg6 28. Re2 Bd3 29. Qf7 Qd8 30. Rae1 Bxe2 31. Qe6 Bf3+ 32. Kg1 0-1

[Event "Winnipeg TNT Aug op"]
[Site "Winnipeg CAN"]
[Date "2004.08.03"]
[Round "1"]
[White "Anderson, George"]
[Black "Khedkar, Jay S"]
[Result "0-1"]
[WhiteElo "1473"]
[BlackElo "1939"]
[PlyCount "58"]
[GameId "2160767911094733"]
[EventDate "2004.08.03"]
[EventType "swiss"]
[EventRounds "4"]
[EventCountry "CAN"]
[SourceTitle "EXT 2006"]
[Source "ChessBase"]
[SourceDate "2005.11.24"]
[SourceVersion "1"]
[SourceVersionDate "2005.11.24"]
[SourceQuality "1"]

1. e4 Nf6 2. Nc3 d5 3. exd5 Nxd5 4. Nf3 Bg4 5. Bc4 e6 6. d4 Be7 7. O-O O-O 8. Nxd5 exd5 9. Be2 Nd7 10. c3 Nf6 11. Nd2 Qd7 12. Bf3 Qf5 13. Re1 Bd6 14. Re3 Rae8 15. Bxg4 Qxg4 16. Qxg4 Nxg4 17. Rxe8 Rxe8 18. Nf3 Re2 19. Be3 Nxe3 20. fxe3 Rxb2 21. Kf1 Rc2 22. Rb1 b6 23. Ne5 Bxe5 24. dxe5 Rxc3 25. e4 d4 26. Rb3 c5 27. Rb2 Re3 28. a4 Ra3 29. e6 fxe6 0-1

[Event "Winnipeg TNT Aug op"]
[Site "Winnipeg CAN"]
[Date "2004.08.03"]
[Round "1"]
[White "Degroot, Stephen"]
[Black "Gibbons, Michael"]
[Result "0-1"]
[WhiteElo "1599"]
[BlackElo "2074"]
[PlyCount "93"]
[GameId "2160767911094734"]
[EventDate "2004.08.03"]
[EventType "swiss"]
[EventRounds "4"]
[EventCountry "CAN"]
[SourceTitle "EXT 2006"]
[Source "ChessBase"]
[SourceDate "2005.11.24"]
[SourceVersion "1"]
[SourceVersionDate "2005.11.24"]
[SourceQuality "1"]

1. e4 c5 2. Nf3 Nc6 3. Bb5 e6 4. Bxc6 bxc6 5. O-O d5 6. d3 Nf6 7. Re1 Be7 8. e5 Nd7 9. c3 Qb6 10. b3 a5 11. Bg5 Bxg5 12. Nxg5 h6 13. Nf3 a4 14. Nbd2 axb3 15. Qxb3 O-O 16. a4 Ba6 17. Qxb6 Nxb6 18. a5 Nd7 19. c4 Rfb8 20. Reb1 Rb4 21. Rxb4 cxb4 22. cxd5 cxd5 23. d4 Bd3 24. Nb3 Nb8 25. Nc5 Bc4 26. Nd2 Na6 27. Ndb3 Bxb3 28. Nxb3 Rc8 29. Rc1 Rc4 30. f4 Kf8 31. Kf2 Ke7 32. Ke2 Rxc1 33. Nxc1 Kd7 34. Nb3 Kc6 35. Kd2 Kb5 36. Kd3 Nb8 37. g4 g6 38. h3 Nc6 39. Nd2 Kxa5 40. Nf3 Ka4 41. Kc2 Ka3 42. Kb1 b3 43. h4 Nb4 44. h5 Na2 45. Nd2 gxh5 46. gxh5 Nc3+ 47. Kc1 0-1

[Event "Winnipeg TNT Aug op"]
[Site "Winnipeg CAN"]
[Date "2004.08.03"]
[Round "1"]
[White "Essery, Richard"]
[Black "Gibbons, Lorne"]
[Result "1-0"]
[WhiteElo "1735"]
[BlackElo "1328"]
[PlyCount "45"]
[GameId "2160767911094735"]
[EventDate "2004.08.03"]
[EventType "swiss"]
[EventRounds "4"]
[EventCountry "CAN"]
[SourceTitle "EXT 2006"]
[Source "ChessBase"]
[SourceDate "2005.11.24"]
[SourceVersion "1"]
[SourceVersionDate "2005.11.24"]
[SourceQuality "1"]

1. e4 c5 2. d4 e6 3. Nf3 cxd4 4. Nxd4 Bc5 5. Be3 Bxd4 6. Bxd4 f6 7. Be2 Nc6 8. Be3 Nge7 9. c4 Qa5+ 10. Nc3 O-O 11. O-O a6 12. f4 Qd8 13. Bc5 Rf7 14. Bh5 g6 15. Bg4 f5 16. Bh3 b6 17. Ba3 Bb7 18. b4 Nc8 19. exf5 exf5 20. Qd2 Qc7 21. Rad1 N8a7 22. Rfe1 Rd8 23. Nd5 1-0